000 00552nam a2200217Ia 4500
003 OSt
005 20230426145830.0
008 210423s2012 xx 000 0 und d
020 _a9788121902816
040 _cAL
041 _aeng
082 _a658.4034
_223
_b GUPP
100 _aGUPTA (Prem Kumar);HIRA (D S)
_989804
245 _aOperations research
260 _bS Chand & Company Ltd
_c2012
300 _aXII,1418
_bPB
365 _b595
_cINR
650 _aOperations Research
_989805
906 _aOperations ; research
942 _2ddc
_cBK
999 _c161129
_d161129